Sitges : VI rallye coches época : fiestas de invierno : 9 Febrero 1964 VI rallye coches época :
Descripción Física:
[62] p. : fot. ; 24 cm
Materias:
Ral·lis d'automòbils -- Sitges
MARC
| LEADER | 00000nam a2200000Ia 4500 | ||
|---|---|---|---|
| 001 | 19298 | ||
| 008 | 160829s1964] xx 000 0 cat d | ||
| 080 | |a C-2-522 | ||
| 100 | |a Ral·lye de Cotxes d'Època Barcelona - Sitges (6è : 1964 : Sitges) |9 47818 | ||
| 245 | |a Sitges : |b VI rallye coches época : |b fiestas de invierno : |b 9 Febrero 1964 | ||
| 260 | |a [Sitges : |b Ayuntamiento de Sitges, Fomento del Truismo de Sitges, |c 1964] | ||
| 300 | |a [62] p. : |b fot. ; |c 24 cm | ||
| 590 | |a A la coberta: Inscripciones: Real Automóvil Club de Cataluña y Fomento del Turismo de Sitges. | ||
| 590 | |a Prové de R-391, exp. 15 | ||
| 650 | |a Ral·lis d'automòbils |x Sitges |9 47819 | ||
| 710 | 1 | |a Sitges (Catalunya). |b Ajuntament |9 52795 | |
| 901 | |a Arxiu | ||
| 942 | |n 1 | ||
| 952 | |0 0 |1 0 |4 0 |6 C2522 |7 1 |9 54133 |a Arxiu |b Arxiu |d 2016-12-01 |l 0 |o C-2-522 |p 19298 |r 2016-12-01 00:00:00 |w 2016-12-01 |y ARXIU | ||
| 999 | |c 58002 |d 58002 | ||